000 00398nam a22001337a 4500
020 _a9780803120396
040 _cNust
082 _a620.189322
_bLIF
100 _aW. S. Johnson
_9127698
245 _aife Prediction Methodology for Titanium Matrix Composites
260 _aUSA:
_bAstm Intl,
_c1996.
650 _aife Prediction Methodology for Titanium Matrix Composites
_9127699
942 _2ddc
_cBK
999 _c612749
_d612749